000
00341nam a2200133Ia 4500
008
231017s9999 xx 000 0 und d
082
_a
327.7
082
_b
PET
245
0
_a
Implementing a standard evaluation approach and standard measures
245
4
_c
The volpe center
260
_b
The volpe center
300
_c
30cm
942
_c
REP
999
_c
605291
_d
605291